Europäische Länder, die mindestens ein E im Namen haben - Statistiken

Allgemein
  • Dieses Quiz wurde 101 mal gespielt
    45 seit der letzten Aktualisierung
  • Das Durchschnittsergebnis liegt bei 31 aus 32
Antworten auf der Karte
Die Antworten werden auf der Karte rot bzw. grün angezeigt, abhängig davon wie oft sie richtig erraten wurden.
 
Antwortstatistiken
Antwort % Korrekt
Belgien
100%
Deutschland
100%
Frankreich
100%
Italien
100%
Niederlande
100%
Norwegen
100%
Schweden
100%
Schweiz
100%
Spanien
100%
Belarus
97%
Dänemark
97%
Estland
97%
Griechenland
97%
Lettland
97%
Liechtenstein
97%
Litauen
97%
Luxemburg
97%
Österreich
97%
Polen
97%
Slowakei
97%
Slowenien
97%
Tschechien
97%
Vereinigtes Königreich
97%
Albanien
95%
Bosnien und Herzegowina
95%
Bulgarien
95%
Nordmazedonien
95%
Rumänien
95%
Serbien
95%
Ukraine
95%
Kroatien
92%
Montenegro
92%
Keine übereinstimmenden Quizze gefunden
Verteilung der Resultate
Anzahl Personen mit jedem Resultat
Perzentil nach korrekt beantworteten Fragen
Ihre Resultats-Entwicklung
Sie haben dieses Quiz seit der letzten Aktualisierung nicht gespielt